Statistics for 中国全品类餐饮门店数量top19品牌 Catering brands with top 19 store numbers

Click here to take the quiz!

General Stats

  • This quiz has been taken 202 times
  • The average score is 9 of 19

Answer Stats

门店数量人均消费品牌名% Correct
1049533.71肯德基
98%
665727.96麦当劳
97%
283228.06蜜雪冰城
91%
2823216.89沙县小吃
81%
777038.05星巴克
76%
1808216.25瑞幸咖啡
75%
2024517.56华莱士
68%
3659120.5兰州拉面
67%
812314.93茶百道
44%
1435329.13绝味鸭脖
41%
913216.26古茗
38%
1205614.66正新鸡排
37%
771613.86沪上阿姨鲜果茶
33%
703817.88塔斯汀
24%
681213.56书亦烧仙草
24%
680019,95库迪咖啡
20%
656631.44紫燕百味鸡
13%
1030333.31锅圈食汇
12%
708114.87杭州小笼包
8%

Score Distribution

Percentile by Number Answered

Percent of People with Each Score

Your Score History

You have not taken this quiz